| 000 | 00663nam a22001217a 4500 | ||
|---|---|---|---|
| 040 | _cRUA | ||
| 082 | _aVEM DOL 2025 B705 Or.1 | ||
| 100 | _aDOL MAKARA, ឌុល មករា | ||
| 245 | _aCase Of Escherichia Coli Resistant To Antibiotics In Piglet In Tbeng Commune, Kampongsvay District, Kampong Thom Province, ករណី Escherichia Coli ស៊ាំនឹងឳសថអង់ទីប៊ីយ៉ូទិកលើកូនជ្រូកនៅឃុំត្បែង ស្រុកកំពង់ស្វាយ ខេត្តកំពង់ធំ | ||
| 260 |
_aPHNOM PENH _bRUA _c2025 |
||
| 300 |
_aIX,43P. _bILL. _c29CM. |
||
| 942 | _cសារណាបទ | ||
| 999 |
_c25536 _d25536 |
||